Casabianca - Statistics

General Stats
  • This quiz has been taken 9 times
  • The average score is 31 of 40
Answer Stats
Hint Answer % Correct
A The boy stood on the burning {deck},
100%
C A creature of heroic {blood},
80%
I – And but the booming shots {replied},
80%
J And fast the flames rolled {on}.
80%
L And in his waving {hair};
80%
K And look’d from that lone post of {death},
80%
M And shouted but once more {aloud},
80%
D A proud, though childlike {form}.
80%
D As born to rule the {storm};
80%
L But the noblest thing which perished {there},
80%
G He called aloud – ‘Say, father, {say}
80%
G He knew not that the chieftain {lay}
80%
F His voice no longer {heard}.
80%
J ‘If I may yet be {gone}!’
80%
H If yet my task is {done}?’
80%
L In still yet brave {despair}.
80%
P Like banners in the {sky}.
80%
N ‘My father! must I {stay}?’
80%
B Shone round him o’er the {dead}.
80%
I ‘Speak, father!’ once again he {cried},
80%
E That father, faint in death {below},
80%
S That well had borne their {part},
80%
R The boy – oh! where was {he}?
80%
E The flames rolled on – he would not {go},
80%
A The flame that lit the battle’s {wreck},
80%
N The wreathing fires made {way}.
80%
P They caught the flag on {high},
80%
H Unconscious of his {son}.
80%
K Upon his brow he felt their {breath}
80%
S Was that young faithful {heart}.
80%
B Whence all but he had {fled};
80%
M While o’er him fast, through sail and {shroud},
80%
R With fragments strewed the {sea}!
80%
L With mast, and helm, and pennon {fair},
80%
F Without his father’s {word};
80%
C Yet beautiful and bright he {stood},
80%
O And streamed above the gallant {child},
60%
Q Ask of the winds that far {around}
60%
Q There came a burst of thunder {sound} –
60%
O They wrapped the ship in splendour {wild},
60%
No matching quizzes found
Score Distribution
Percent of People with Each Score
Percentile by Number Answered
Your Score History
You have not taken this quiz